000 00948cam a22002778a 4500
005 20260322212011.0
008 data
010 _a 2006036937
020 _a9780764524837 (cloth)
020 _a0764524836 (cloth)
040 _aDLC
_cDLC
_dDLC
050 0 0 _aTX837
_b.B5284 2007
082 0 0 _a641.5/636
_222
092 _a641.5 B5284 2007
100 1 _aBittman, Mark.
245 1 0 _aHow to cook everything vegetarian :
_bsimple recipes for great food /
_cMark Bittman.
260 _aHoboken, NJ :
_bWiley,
_cc2007.
263 _a0709
300 _ap. cm.
500 _aIncludes index.
650 0 _aVegetarian cookery.
856 4 1 _3Table of contents only
_uhttp://www.loc.gov/catdir/toc/ecip074/2006036937.html
856 4 2 _3Publisher description
_uhttp://www.loc.gov/catdir/enhancements/fy0740/2006036937-d.html
856 4 2 _3Contributor biographical information
_uhttp://www.loc.gov/catdir/enhancements/fy0743/2006036937-b.html
001 data
999 _c217
_d217